|
|
|
|
| LEADER |
00000nam a2200000Ia 4500 |
| 008 |
180601b2005 cr ||||| |||| 00| | spa d |
| 999 |
|
|
|c 1084
|d 1084
|
| 020 |
|
|
|a 9977-77-030-1
|
| 090 |
|
|
|a 06.03.06
|b 98
|
| 100 |
|
|
|a Brenes Varela, Isabel
|9 3632
|
| 245 |
1 |
0 |
|a Aspectos relacionados con el rendimiento académico de los estudiantes que ingresaron a las instituciones de educación superior universitaria estatal en 1996 /
|c Isabel Brenes Varela
|
| 260 |
|
|
|a San Jose, C.R. :
|b CONARE,
|c 2005
|
| 300 |
|
|
|a 87 páginas
|
| 650 |
1 |
4 |
|a EDUCACIÓN SUPERIOR
|9 8
|
| 650 |
1 |
4 |
|a ESTUDIANTES
|9 332
|
| 650 |
1 |
4 |
|a RENDIMIENTO ACADÉMICO
|9 1095
|
| 650 |
1 |
4 |
|a GRADUADOS
|9 779
|
| 942 |
|
|
|i 002045
|h 06.03.06 98
|2 z
|c 01
|